| 000 | 00774nam a2200265 4500 | ||
|---|---|---|---|
| 003 | DO-SdBPM | ||
| 005 | 20250224112540.0 | ||
| 008 | 161121b2007 sp ||| 00| 0 spa d | ||
| 020 | _a9788424117757 | ||
| 040 |
_aDO-SdBPM _bspa _cBPMSU _e |
||
| 082 | 4 |
_a372.4 _bA654i 2007 _222 |
|
| 245 | 0 | 0 | _aAprendo con la... i |
| 260 |
_aCorruña, España : _bEditorial Everest, _c2007 |
||
| 300 |
_a15 p. : _bil. ; _c21 cm |
||
| 490 | 0 | _aLeo con Disney | |
| 590 | _aInventariado, 2025/VM | ||
| 650 | 4 | _aEducación preescolar | |
| 650 | 4 | _aCuentos infantiles | |
| 650 | 4 |
_aLectura recreativa _vEnseñanza |
|
| 650 | 4 | _aNarración de cuentos | |
| 650 | 4 | _aLibros y lecturas para niños | |
| 710 | 2 | _aDisney | |
| 910 | _aVMateo V. Control de calidad. BPMSU | ||
| 942 |
_2ddc _cBK |
||
| 999 |
_c14949 _d14949 |
||